ISO Country Codes with an Empty Map - Statistics

General Stats
  • This quiz has been taken 329 times
  • The average score is 80 of 196
Answers on the Map
Answers color-coded by a green-red scale on the quiz's map according to % correct below.
 
Answer Stats
ISO Code Country % Correct
AZ Azerbaijan
97%
AR Argentina
71%
AU Australia
71%
FR France
71%
CZ Czech Republic
69%
FJ Fiji
69%
JP Japan
67%
JO Jordan
66%
IN India
65%
IT Italy
65%
YE Yemen
65%
IQ Iraq
64%
UK United Kingdom
64%
DK Denmark
63%
FI Finland
63%
HU Hungary
63%
KZ Kazakhstan
63%
NZ New Zealand
63%
QA Qatar
63%
MX Mexico
62%
BH Bahrain
61%
DJ Djibouti
61%
LV Latvia
61%
OM Oman
61%
ZM Zambia
61%
RW Rwanda
60%
JM Jamaica
59%
LT Lithuania
59%
RU Russia
59%
AD Andorra
58%
BO Bolivia
58%
CA Canada
58%
CY Cyprus
58%
EC Ecuador
58%
DE Germany
58%
UZ Uzbekistan
58%
ZW Zimbabwe
58%
NO Norway
57%
RO Romania
57%
US United States
57%
CO Colombia
56%
GH Ghana
56%
KE Kenya
56%
HT Haiti
55%
IE Ireland
55%
BE Belgium
54%
ET Ethiopia
54%
ID Indonesia
54%
PK Pakistan
54%
SK Slovakia
54%
UG Uganda
54%
ER Eritrea
53%
UY Uruguay
53%
AF Afghanistan
52%
BR Brazil
52%
GR Greece
52%
PH Philippines
52%
TV Tuvalu
52%
VU Vanuatu
52%
ES Spain
51%
EG Egypt
50%
FM Fed. States of Micronesia
50%
IS Iceland
50%
IR Iran
50%
KW Kuwait
50%
LB Lebanon
50%
TJ Tajikistan
50%
TZ Tanzania
50%
VE Venezuela
50%
GY Guyana
49%
KI Kiribati
49%
MW Malawi
49%
VN Vietnam
48%
AL Albania
47%
HN Honduras
47%
PT Portugal
47%
AM Armenia
46%
AT Austria
46%
HR Croatia
46%
DR Dominican Republic
46%
NL Netherlands
46%
PL Poland
46%
TH Thailand
46%
IL Israel
45%
LY Libya
45%
BB Barbados
44%
CN China
44%
KV Kosovo
44%
MZ Mozambique
44%
SO Somalia
44%
TG Togo
44%
CU Cuba
43%
DM Dominica
43%
SY Syria
43%
VA Vatican City
43%
BS Bahamas
42%
BZ Belize
42%
EE Estonia
42%
GE Georgia
42%
MY Malaysia
42%
BG Bulgaria
41%
LA Laos
41%
NA Namibia
41%
TO Tonga
41%
LU Luxembourg
40%
CH Switzerland
40%
BF Burkina Faso
39%
KG Kyrgyzstan
39%
NP Nepal
39%
PE Peru
39%
GA Gabon
38%
PA Panama
38%
BT Bhutan
37%
CV Cape Verde
37%
GQ Equatorial Guinea
37%
GN Guinea
37%
ZA South Africa
37%
BY Belarus
36%
BW Botswana
36%
BD Bangladesh
35%
CM Cameroon
35%
NG Nigeria
35%
PY Paraguay
34%
UA Ukraine
34%
DZ Algeria
33%
LS Lesotho
33%
LI Liechtenstein
33%
NR Nauru
33%
NI Nicaragua
33%
TT Trinidad and Tobago
33%
CL Chile
32%
GT Guatemala
32%
ML Mali
32%
TW Taiwan
32%
TR Turkey
32%
AG Antigua and Barbuda
31%
SG Singapore
31%
SS South Sudan
31%
SZ Eswatini
30%
PG Papua New Guinea
30%
GM Gambia
29%
MG Madagascar
29%
SA Saudi Arabia
29%
SE Sweden
29%
AO Angola
28%
MM Myanmar
28%
AE United Arab Emirates
28%
CR Costa Rica
27%
LR Liberia
27%
SD Sudan
27%
KH Cambodia
26%
CI Ivory Coast
26%
MV Maldives
26%
TM Turkmenistan
26%
MD Moldova
25%
CG Republic of the Congo
25%
SM San Marino
25%
KR South Korea
25%
BI Burundi
24%
MU Mauritius
24%
MK North Macedonia
24%
MT Malta
23%
KP North Korea
22%
PW Palau
22%
CF Central African Republic
21%
CD Dem. Rep. of the Congo
21%
MR Mauritania
21%
ST São Tomé and Príncipe
21%
TN Tunisia
21%
SN Senegal
20%
RS Serbia
20%
SL Sierra Leone
20%
BA Bosnia and Herzegovina
19%
WS Samoa
19%
BN Brunei
18%
GD Grenada
18%
GW Guinea Bissau
18%
MN Mongolia
18%
LC St. Lucia
18%
TL East Timor
17%
NE Niger
17%
BJ Benin
16%
TD Chad
16%
LK Sri Lanka
16%
MC Monaco
15%
ME Montenegro
15%
VC St. Vincent and Grenadines
15%
MA Morocco
14%
SI Slovenia
14%
KM Comoros
12%
SV El Salvador
12%
MH Marshall Islands
12%
SC Seychelles
12%
SR Suriname
12%
SB Solomon Islands
10%
KN St. Kitts and Nevis
10%
No matching quizzes found
Score Distribution
Percent of People with Each Score
Percentile by Number Answered
Your Score History
You have not taken this quiz